Histoire romaine

Guardat en:
Dades bibliogràfiques
Autor principal: Carcopino, Jérome (Autor)
Format: Llibre
Idioma:francès
Publicat: París Presses Universitaires de France 1952
Matèries:
Etiquetes: Afegir etiqueta
Sense etiquetes, Sigues el primer a etiquetar aquest registre!

MARC

LEADER 00000nam a2200000 a 4500
001 UCP9109
003 CL-VaPUC
008 000317e19520000FR |||||||||||||||||fre|d
082 0 4 |a 937  |b CAR  |2 21 
100 |a Carcopino, Jérome  |e author  |9 313360 
245 1 0 |a Histoire romaine 
300 |a 530 p 
942 |c BK 
945 |d 20000317 00:00:00  |a rherrera 
260 |a París  |b Presses Universitaires de France  |c 1952 
500 |a v.2: La République Romaine: de 133 a 44 J.-C, Parte 1: Des Gracques a Sulla  
650 0 |a Historia antigua  |9 267521 
650 0 |a República romana  |9 433651 
583 |a last modification  |c 20000317 00:00:00  |k Rodrigo Vera 
999 |c 285959  |d 285957 
952 |0 0  |1 0  |4 0  |6 937_000000000000000_CAR_1952  |7 0  |8 A  |9 330833  |a BIBHIS  |b BIBHIS  |d 2019-11-20  |h v.2  |i 1389076  |o 937 CAR 1952  |p 1389076  |r 2025-01-20  |w 2019-11-20  |y BK  |k HIS 
952 |0 0  |1 0  |4 0  |6 937_000000000000000_CAR_1952  |7 0  |8 A  |9 330834  |a BIBHIS  |b BIBHIS  |d 2019-11-20  |h v.2  |i 1389084  |o 937 CAR 1952  |p 1389084  |r 2025-01-20  |w 2019-11-20  |y BK  |k HIS